[Event "Nordhausen op 9th"]
[Site "Nordhausen"]
[Date "2009.07.31"]
[Round "2"]
[White "Gutman, Lev"]
[Black "Schorch, Ruediger"]
[Result "1-0"]
[WhiteElo "2459"]
[BlackElo "2037"]
[PlyCount "111"]
[EventDate "2009.07.30"]
[EventType "swiss"]
[EventRounds "7"]
[EventCountry "GER"]
[SourceTitle "CBM 131 Extra"]
[Source "ChessBase"]
[SourceDate "2009.09.03"]
[SourceVersion "2"]
[SourceVersionDate "2009.09.16"]
[SourceQuality "1"]

1. Nf3 d5 2. g3 c5 3. Bg2 Nc6 4. d4 e6 5. 0-0 Qb6 6. dxc5 Bxc5 7. Nc3 Nf6 8. Na4 Qb5 9. Nxc5 Qxc5 10. Be3 Qa5 11. c4 0-0 12. cxd5 Nxd5 13. Bd2 Qb6 14. Qb1 h6 15. e4 Nf6 16. Bc3 Rd8 17. b4 Bd7 18. b5 Ne7 19. a4 Be8 20. Qb4 Ng6 21. Bd4 Qc7 22. b6 Qd7 23. bxa7 Ne7 24. Bb6 Nc6 25. Qa3 Rdc8 26. Rfd1 Qe7 27. Qxe7 Nxe7 28. Ne5 Nc6 29. Nc4 Nxa7 30. Nd6 Rc2 31. e5 Nd5 32. Bxa7 Nc3 33. Re1 Bxa4 34. Be3 Ra5 35. Nxb7 Rxe5 36. Nc5 Bb5 37. Nb3 Bc4 38. Nd4 Rb2 39. Rac1 Re2 40. Nxe2 Nxe2+ 41. Rxe2 Bxe2 42. Bd4 Ra5 43. h4 Bd3 44. Bf3 Ra4 45. Be3 e5 46. h5 Bf5 47. Kh2 Be6 48. Rc5 e4 49. Bg2 Bg4 50. Bh3 Bf3 51. Rc8+ Kh7 52. Bf5+ g6 53. hxg6+ fxg6 54. Rc7+ Kg8 55. Bxg6 h5 56. Kh3 1-0

[Event "Muehlhaeusen op"]
[Site "Muehlhausen"]
[Date "2007.05.18"]
[Round "4.12"]
[White "Schorch, Ruediger"]
[Black "Becker, Jonas"]
[Result "1-0"]
[WhiteElo "2015"]
[BlackElo "1944"]
[PlyCount "69"]
[EventDate "2007.05.16"]
[EventType "swiss"]
[EventRounds "7"]
[EventCountry "GER"]
[SourceTitle "CBM 118 Extra"]
[Source "ChessBase"]
[SourceDate "2007.07.04"]
[SourceVersion "1"]
[SourceVersionDate "2007.07.04"]
[SourceQuality "1"]

1. c4 e5 2. Nc3 Nc6 3. g3 d6 4. Bg2 Bd7 5. e3 f5 6. Nge2 Nf6 7. d3 g6 8. 0-0 Bg7 9. Rb1 0-0 10. b4 Rb8 11. b5 Ne7 12. a4 Nh5 13. f4 h6 14. Ba3 c5 15. fxe5 Bxe5 16. d4 Bf6 17. dxc5 dxc5 18. Bxc5 Be6 19. Nd5 Rc8 20. Nxf6+ Nxf6 21. Qxd8 Rfxd8 22. Bxe7 Rd2 23. Nd4 Bxc4 24. Rbc1 Rxg2+ 25. Kxg2 Bxf1+ 26. Rxf1 Ne4 27. Bb4 Kf7 28. a5 a6 29. bxa6 bxa6 30. g4 Rb8 31. Nc6 Rb5 32. gxf5 gxf5 33. Rd1 Kf6 34. Rd7 Nc5 35. Rd5 1-0

[Event "Muehlhaeusen op"]
[Site "Muehlhausen"]
[Date "2007.05.16"]
[Round "1.17"]
[White "Huenermund, Lars"]
[Black "Schorch, Ruediger"]
[Result "0-1"]
[WhiteElo "1403"]
[BlackElo "2015"]
[PlyCount "42"]
[EventDate "2007.05.16"]
[EventType "swiss"]
[EventRounds "7"]
[EventCountry "GER"]
[SourceTitle "CBM 118 Extra"]
[Source "ChessBase"]
[SourceDate "2007.07.04"]
[SourceVersion "1"]
[SourceVersionDate "2007.07.04"]
[SourceQuality "1"]

1. e4 c5 2. Nf3 Nc6 3. d4 cxd4 4. Nxd4 Nf6 5. Nc3 g6 6. Be3 Bg7 7. Bd3 0-0 8. 0-0 e5 9. Ndb5 d6 10. Be2 Ne8 11. Nd5 f5 12. Bc4 Kh8 13. f3 Be6 14. Nb6 Bxc4 15. Nxc4 fxe4 16. fxe4 Rxf1+ 17. Kxf1 Qh4 18. Ncxd6 Nxd6 19. Nxd6 Qf6+ 20. Ke1 Rd8 21. Bc5 Bf8 0-1

[Event "Muehlhausen op"]
[Site "Muehlhausen"]
[Date "2005.05.06"]
[Round "4"]
[White "Schorch, Ruediger"]
[Black "Teske, Henrik"]
[Result "0-1"]
[WhiteElo "2015"]
[BlackElo "2494"]
[PlyCount "34"]
[EventDate "2005.05.04"]
[EventType "swiss"]
[EventRounds "7"]
[EventCountry "GER"]
[SourceTitle "EXT 2006"]
[Source "ChessBase"]
[SourceDate "2005.11.24"]
[SourceVersion "1"]
[SourceVersionDate "2005.11.24"]
[SourceQuality "1"]

1. c4 e5 2. Nc3 Bb4 3. Nd5 Ba5 4. b4 c6 5. bxa5 cxd5 6. cxd5 Qxa5 7. Qb3 Nf6 8. Qg3 0-0 9. Qxe5 Re8 10. Qg3 Ne4 11. Qb3 Na6 12. a3 d6 13. e3 Bd7 14. Nf3 Rac8 15. Be2 Nac5 16. Qb4 Qxb4 17. axb4 Nb3 0-1